000 01006nam a2200301 4500
003 EC-UNACH
005 20251023130854.0
006 s||||gr|||| 00| 00
008 150116t9999 mx r gr 000 0 spa d
020 _a978-9978-67-163-4
040 _aEC-UNACH
_cEC-UNACH
041 _aspa
082 0 4 _223
_a302.2
_bL017868
110 _aCrearimagen
245 _aDescentralizar: un derrotero a seguir
250 _aPrimera edición
264 _aEcuador
_bCrearimagen
_c2008
300 _a373
505 _aParte 1- Integración Parte 2- Modelo de estado y sistema político Parte 3- Plurinacionalidad Parte 4- Niveles de descentralización
650 _aLa descentralización como geometría variable
650 _aModelo de la estructura del estado
650 _aGobernar desde la diversidad
700 _aFernando Carrión M / Brigitta Villaronga W
942 _2ddc
_c1
999 _c14075